Oxygen - Fill in the lyrics - Statistics

General Stats
  • This quiz has been taken 2 times
  • The average score is 2 of 10
Answer Stats
Lines Answer % Correct
Line 13 {Oxygen}
100%
Line 4-5-6 Because we're livin' our dream for the night, We're in motion until we wake, If I go under you'll keep me alive, {}
50%
Line 18-19 Won't you keep me breathin', breathin', breathin' 'til the end {}
50%
Line 3-4 I'll give you all that you've given {One more time ignite the spark}
0%
Line 8 {Now it's time to give and take}
0%
Line 11-12 Won't you keep me breathin' (breathin' (4x)) 'Til the end
0%
Line 16-17 Won't you keep me breathin', breathin', breathin' 'til the end, {now I need}... oxygen
0%
Line 14-15 Won't you keep me breathin', breathin', breathin' 'til the end {Now I need this feelin'} more than I need oxygen
0%
Line 9-10 Won't you keep me breathin', breathin', breathin' 'til the end {Now I need this feelin' more than I need oxygen} (2x)
0%
Line 1-2 You lit the fire within me {Our flame lights up the dark}
0%
No matching quizzes found
Score Distribution
Percent of People with Each Score
Percentile by Number Answered
Your Score History
You have not taken this quiz